Instruments in the Orchestra - Statistics

General Stats
  • This quiz has been taken 47 times
  • The average score is 24 of 37
Answer Stats
Answer % Correct
Clarinet
98%
Double Bass
98%
Oboe
98%
Viola
98%
Violin
98%
Cello
95%
Flute
95%
French Horn
95%
Trumpet
93%
Tuba
90%
Trombone
88%
Bassoon
85%
Harp
85%
Piccolo
83%
Triangle
80%
Snare Drum
73%
Bass Drum
70%
Saxophone
70%
Timpani
70%
Piano
68%
Xylophone
63%
Bass Clarinet
60%
Cymbals
58%
English Horn
58%
Glockenspiel
58%
Euphonium
53%
Marimba
50%
Contrabassoon
40%
Contrabass Trombone
35%
Gong
35%
Pipe Organ
35%
Baritone Horn
33%
Tambourine
28%
Vibraphone
15%
Wood Block
15%
Cowbell
10%
Bongos
5%
No matching quizzes found
Score Distribution
Percent of People with Each Score
Percentile by Number Answered
Your Score History
You have not taken this quiz